000 00631nam a2200205 i 4500
001 64502
003 ES-MaACL
005 20250728111236.0
007 t|
008 031226s1955 sp ||||1| spa d
100 1 _aFont Puig, Pedro.
_951567
245 1 0 _aAportaciones de la ciencia contemporánea al espiritualismo /
_cpor Pedro Font Puig.
260 _aMadrid :
_b[s.n.,
_c1955]
300 _a7 h. ;
_c24 cm.
500 _aEs separata, p. 231-243.
650 7 _aReligión y ciencia
_2embne
_916806
852 _aES-MaACL
_j1972-F-16
_bR.40401
852 _aES-MaACL
_j1977-F-19
_bR.38454
999 _c64502
_d64502